Online
Catalog

La mujer Dominicana en la relación de pareja : (Record no. 789)

MARC details
000 -CABECERA
campo de control de longitud fija 02071nam a2200289 a 4500
001 - NÚMERO DE CONTROL
campo de control 000000793
003 - IDENTIFICADOR DEL NÚMERO DE CONTROL
campo de control DO-SdBNP
005 - FECHA Y HORA DE LA ÚLTIMA TRANSACCIÓN
campo de control 20250410092927.0
008 - DATOS DE LONGITUD FIJA--INFORMACIÓN GENERAL
campo de control de longitud fija 090509s2003 dr r 001 0 spa d
020 ## - NÚMERO INTERNACIONAL ESTÁNDAR DEL LIBRO
ISBN cancelado o inválido 9993425451
040 ## - FUENTE DE LA CATALOGACIÓN
Centro catalogador/agencia de origen DO-SdBNP
Lengua de catalogación spa
Centro/agencia transcriptor BNPHU
082 ## - NÚMERO DE LA CLASIFICACIÓN DECIMAL DEWEY
Número de clasificación 362.8292
Número de documento/Ítem P762m
100 1# - ENTRADA PRINCIPAL--NOMBRE DE PERSONA
Nombre de persona Pola Zapico, María Jesús
9 (RLIN) 2754
245 13 - MENCIÓN DE TÍTULO
Título La mujer Dominicana en la relación de pareja :
Resto del título respuesta de la justicia a la violencia de género /
Mención de responsabilidad, etc. María Jesús Pola Zapico ; prólogo Lourdes Contreras.
260 ## - PUBLICACIÓN, DISTRIBUCIÓN, ETC.
Lugar de publicación, distribución, etc. Santo Domingo :
Nombre del editor, distribuidor, etc. INTEC,
Fecha de publicación, distribución, etc. 2003.
300 ## - DESCRIPCIÓN FÍSICA
Extensión xi, 155 p. ;
Dimensiones 23 cm.
504 ## - NOTA DE BIBLIOGRAFÍA, ETC.
Nota de bibliografía, etc. Incluye referencias bibliográficas y notas al pie de las páginas
505 0# - NOTA DE CONTENIDO CON FORMATO
Título Prólogo --
-- Introducción --
-- La mujer como sujeto de violencia en la familia --
-- La familia y sus trampas --
-- Tradiciones y mitos --
-- Espacio privado --
-- El ciclo de la violencia --
-- El síndrome de estocolmo --
-- El síndrome de la mujer maltratada --
-- El feminicidio y el suicidio del feminicida --
-- Legislación y la mujer en situación de violencia de pareja --
-- El género en el derecho --
-- Marco de derecho internacional --
-- Violaciones al derecho a la integridad personal --
-- Violaciones al derecho a la libertad --
-- Violaciones al derecho a la igualdad --
-- Respuesta del sistema de derecho a la reforma legal en la República Dominicana --
-- Ley 24-97, sobre violencia intrafamiliar --
-- La normativa --
-- La estructura --
-- Lo político cultural: conocimientos, prácticas y actitudes del sistema operativo de la justicia --
-- Entrevista en el distrito judicial de Santiago, en el sistema penal --
-- Conclusión --
-- Bibliografía general --
-- Anexos
590 ## - NOTA LOCAL (RLIN)
Nota local Inventariado, 2018/BT
650 #4 - PUNTO DE ACCESO ADICIONAL DE MATERIA--TÉRMINO DE MATERIA
Término de materia o nombre geográfico como elemento de entrada Violencia conyugal
Subdivisión general Legislación
Subdivisión geográfica República Dominicana
9 (RLIN) 2755
650 #4 - PUNTO DE ACCESO ADICIONAL DE MATERIA--TÉRMINO DE MATERIA
Término de materia o nombre geográfico como elemento de entrada Violencia conyugal
Subdivisión geográfica República Dominicana
9 (RLIN) 2756
650 #4 - PUNTO DE ACCESO ADICIONAL DE MATERIA--TÉRMINO DE MATERIA
Término de materia o nombre geográfico como elemento de entrada Derechos de la mujer
Subdivisión geográfica República Dominicana
9 (RLIN) 2757
650 #4 - PUNTO DE ACCESO ADICIONAL DE MATERIA--TÉRMINO DE MATERIA
Término de materia o nombre geográfico como elemento de entrada Violencia familiar
Subdivisión geográfica República Dominicana
9 (RLIN) 2758
700 1# - PUNTO DE ACCESO ADICIONAL--NOMBRE DE PERSONA
Nombre de persona Contreras, Lourdes
Término indicativo de función/relación pról.
9 (RLIN) 2759
910 ## - DATOS DE OPCIÓN DEL USUARIO (OCLC)
Datos de opción del usuario Validado. Control de calidad. MMOLINA
942 ## - ELEMENTOS DE PUNTO DE ACCESO ADICIONAL (KOHA)
Fuente del sistema de clasificación o colocación Dewey Decimal Classification
Tipo de ítem Koha Libro
Holdings
Estado de retiro Estado de pérdida Restricciones de uso No para préstamo Código de colección Localización permanente Ubicación/localización actual Ubicación en estantería Fecha de adquisición Número de inventario Total de préstamos Signatura topográfica completa Código de barras Fecha visto por última vez Número de copia Precio válido a partir de Tipo de ítem Koha
      Préstamo en sala Dominicana de Servicio Biblioteca Nacional Pedro Henríquez Ureña Biblioteca Nacional Pedro Henríquez Ureña Depósito 28.08.2009 LF1   362.8292 P762m 793-30 25.06.2020 e.3 25.06.2020 Libros y folletos
      Préstamo en sala Dominicana de Servicio Biblioteca Nacional Pedro Henríquez Ureña Biblioteca Nacional Pedro Henríquez Ureña Depósito 28.08.2009 LF1   362.8292 P762m 793-40 25.06.2020 e.4 25.06.2020 Libros y folletos
      Préstamo en sala Dominicana de Servicio Biblioteca Nacional Pedro Henríquez Ureña Biblioteca Nacional Pedro Henríquez Ureña Depósito 28.08.2009 LF1   362.8292 P762m 793-50 25.06.2020 e.5 25.06.2020 Libros y folletos
      Préstamo restrigido Patrimonio Dominicano Biblioteca Nacional Pedro Henríquez Ureña Biblioteca Nacional Pedro Henríquez Ureña Depósito 26.08.2009 LF1   362.8292 P762m 793-10 25.06.2020   25.06.2020 Libros y folletos
      Préstamo restrigido Patrimonio Dominicano Biblioteca Nacional Pedro Henríquez Ureña Biblioteca Nacional Pedro Henríquez Ureña Depósito 26.08.2009 LF1   362.8292 P762m 793-20 25.06.2020 e.2 25.06.2020 Libros y folletos

Powered by Koha